Southeast Asia: a Laboratory for transformation research

Saved in:
Bibliographic Details
Main Author: Croissant, Aurel (Author)
Format: Article (Journal)
Language:English
Published: 2012
In: Digital Development Debates
Year: 2012, Issue: 7, Pages: ?
Online Access:Verlag, lizenzpflichtig, Volltext: http://www.digital-development-debates.org/issue-07-transition--state--southeast-asia-a-laboratory-for-transformation-research.html
Get full text
Author Notes:Aurel Croissant

MARC

LEADER 00000caa a2200000 c 4500
001 1759106976
003 DE-627
005 20220819220038.0
007 cr uuu---uuuuu
008 210528s2012 xx |||||o 00| ||eng c
035 |a (DE-627)1759106976 
035 |a (DE-599)KXP1759106976 
035 |a (OCoLC)1341414833 
040 |a DE-627  |b ger  |c DE-627  |e rda 
041 |a eng 
084 |a 16  |2 sdnb 
100 1 |a Croissant, Aurel  |d 1969-  |e VerfasserIn  |0 (DE-588)120357321  |0 (DE-627)080624138  |0 (DE-576)178221074  |4 aut 
245 1 0 |a Southeast Asia  |b a Laboratory for transformation research  |c Aurel Croissant 
264 1 |c 2012 
336 |a Text  |b txt  |2 rdacontent 
337 |a Computermedien  |b c  |2 rdamedia 
338 |a Online-Ressource  |b cr  |2 rdacarrier 
500 |a Gesehen am 28.05.2021 
773 0 8 |i Enthalten in  |t Digital Development Debates  |d Bonn : [Verlag nicht ermittelbar], 2010  |g (2012), 7, Seite ?  |h Online-Ressource  |w (DE-627)644735392  |w (DE-600)2589874-7  |w (DE-576)336651074  |7 nnas  |a Southeast Asia a Laboratory for transformation research 
773 1 8 |g year:2012  |g number:7  |g pages:?  |a Southeast Asia a Laboratory for transformation research 
856 4 0 |u http://www.digital-development-debates.org/issue-07-transition--state--southeast-asia-a-laboratory-for-transformation-research.html  |x Verlag  |z lizenzpflichtig  |3 Volltext 
951 |a AR 
992 |a 20210528 
993 |a Article 
994 |a 2012 
998 |g 120357321  |a Croissant, Aurel  |m 120357321:Croissant, Aurel  |d 180000  |d 180500  |e 180000PC120357321  |e 180500PC120357321  |k 0/180000/  |k 1/180000/180500/  |p 1  |x j  |y j 
999 |a KXP-PPN1759106976  |e 393202205X 
BIB |a Y 
SER |a journal 
JSO |a {"recId":"1759106976","title":[{"title_sort":"Southeast Asia","title":"Southeast Asia","subtitle":"a Laboratory for transformation research"}],"relHost":[{"origin":[{"publisherPlace":"Bonn","dateIssuedDisp":"2010-","publisher":"[Verlag nicht ermittelbar]","dateIssuedKey":"2010"}],"language":["eng"],"part":{"text":"(2012), 7, Seite ?","pages":"?","issue":"7","year":"2012"},"name":{"displayForm":["Deutsche Gesellschaft für Internationale Zusammenarbeit (GIZ)"]},"physDesc":[{"extent":"Online-Ressource"}],"pubHistory":["1.2010 -"],"note":["Gesehen am 18.01.11"],"title":[{"subtitle":"DDD","title":"Digital Development Debates","title_sort":"Digital Development Debates"}],"id":{"zdb":["2589874-7"],"eki":["644735392"]},"disp":"Southeast Asia a Laboratory for transformation researchDigital Development Debates","type":{"bibl":"periodical","media":"Online-Ressource"},"titleAlt":[{"title":"DDD"}],"recId":"644735392"}],"person":[{"given":"Aurel","family":"Croissant","role":"aut","display":"Croissant, Aurel"}],"note":["Gesehen am 28.05.2021"],"type":{"bibl":"article-journal","media":"Online-Ressource"},"name":{"displayForm":["Aurel Croissant"]},"id":{"eki":["1759106976"]},"language":["eng"],"origin":[{"dateIssuedDisp":"2012","dateIssuedKey":"2012"}]} 
SRT |a CROISSANTASOUTHEASTA2012